Public education in the South today and tomorrow ; a statistical survey /

Bibliographic Details
Main Author: Swanson, Ernst W. (Ernst Werner), 1904-
Other Authors: Griffin, John A.
Format: Book
Language:English
Published: Chapel Hill : University of North Carolina Press, [1955]
Subjects:

MARC

Tag First Indicator Second Indicator Subfields
LEADER 00000cam a2200000 4500
001 in00000073234
005 20151008052512.0
008 711126s1955 ncu 00000 eng u
010 |a  55012785  
035 |a (OCoLC)00175557 
035 |9 AAH3628AM 
040 |c WSU  |d TXA  |d UtOrBLW 
049 |a TXAM  |c [261303] 
050 0 |a LA210  |b .S85 
092 |a 379.75  |b S972p 
100 1 |a Swanson, Ernst W.  |q (Ernst Werner),  |d 1904- 
245 1 0 |a Public education in the South today and tomorrow ;  |b a statistical survey /  |c edited by Ernst W. Swanson and John A. Griffin. Based on studies by John M. Maclachlan, Truman M. Pierce and Associates [and] Ernst W. Swanson. 
264 1 |a Chapel Hill :  |b University of North Carolina Press,  |c [1955] 
300 |a 137 pages 
336 |a text  |b txt  |2 rdacontent 
337 |a unmediated  |b n  |2 rdamedia 
338 |a volume  |b nc  |2 rdacarrier 
650 0 |a Education  |z Southern States  |x Statistics. 
700 1 |a Griffin, John A. 
999 |a MARS 
999 f f |s 118e1cfc-895b-39ad-a29e-8546512e5001  |i 27c549ef-dcba-3274-8700-61a90e2194a7  |t 0 
952 f f |p normal  |a Texas A&M University  |b College Station  |c Sterling C. Evans Library  |d Evans: Library Stacks  |t 0  |e LA210 .S85  |h Library of Congress classification  |i unmediated -- volume  |m A14800870664 
998 f f |a LA210 .S85  |t 0  |l Evans: Library Stacks